000 00961nam a22002537a 4500
005 20240530110502.0
008 150726s2013 ua ao f b 000 0 ara d
017 _a1633
_bمصر . دار الكتب المصرية
020 _a9789773684594
040 _aEG-CaGPL
082 0 4 _221
_a392.3
_bق/م ف
100 0 _aمحمد عبدالمنعم على
245 1 2 _aفن التحنيط :
_bقديما و حديثا /
_cاخصائى التحنيط محمد عبدالمنعم على
250 _aط1
260 _aالاسكندرية :
_bمؤسسة حورس الدولية ،
_c2013 .
300 _a125 ص :
_bصور ؛
_c24 سم .
504 _aيشتمل على ارجاعات ببليوجرافية
650 0 4 _aالتحنيط
650 0 4 _aتحنيط الطيور و الحيوانات
650 0 4 _aالمومياءات
650 0 4 _aالتحنيط عند الفراعنة
942 _2ddc
_cBK
999 _c61488
_d61488